Production, multi-sectoral growth and planing essays in memory of Leif Johansen
Uložené v:
| Médium: | Kniha |
|---|---|
| Jazyk: | English |
| Vydavateľské údaje: |
Amsterdam
North-Holland
1985
|
| Edícia: | Contributions to economic analysis
154 |
| Predmet: | |
| Tagy: |
Žiadne tagy, Buďte prvý, kto otaguje tento záznam!
|
MARC
| LEADER | 00000nam a2200000 4500 | ||
|---|---|---|---|
| 001 | c100968 | ||
| 005 | 20230118130134.5 | ||
| 020 | |a 0-444-87838-6 | ||
| 041 | 0 | |a eng | |
| 044 | |a NL | ||
| 245 | 1 | 0 | |a Production, multi-sectoral growth and planing |b essays in memory of Leif Johansen |
| 264 | 1 | |a Amsterdam |b North-Holland |c 1985 | |
| 300 | |a 337 s. | ||
| 490 | 1 | |a Contributions to economic analysis |v 154 | |
| 830 | 0 | |a Contributions to economic analysis |v 154 | |
| 610 | 2 | 0 | |a rast hospodársky |
| 610 | 2 | 0 | |a výroba |
| 610 | 2 | 0 | |a produkcia |
| 610 | 2 | 0 | |a plánovanie makroekonomické |
| 610 | 2 | 0 | |a porovnanie medzinárodné |
| 610 | 2 | 0 | |a Švédsko |